Soil Conservation: Technical Handbook (Record no. 14591)
[ view plain ]
| 000 -LEADER | |
|---|---|
| fixed length control field | 00334nam a22001337a 4500 |
| 020 ## - INTERNATIONAL STANDARD BOOK NUMBER | |
| ISBN | 9789383692071 |
| 082 ## - DEWEY DECIMAL CLASSIFICATION NUMBER | |
| Classification number | 631.4 |
| Item number | HIC/SO |
| 245 ## - TITLE STATEMENT | |
| Title | Soil Conservation: Technical Handbook |
| 260 ## - PUBLICATION, DISTRIBUTION, ETC. (IMPRINT) | |
| Place of publication | New Delhi |
| Name of publisher | United Book Prints |
| Year of publication | 2015 |
| 300 ## - PHYSICAL DESCRIPTION | |
| Number of Pages | 262 |
| 700 ## - ADDED ENTRY--PERSONAL NAME | |
| Personal name | Hicks,Doug H. |
| 700 ## - ADDED ENTRY--PERSONAL NAME | |
| Personal name | Tabitha Anthony |
| 942 ## - ADDED ENTRY ELEMENTS (KOHA) | |
| Koha item type | Books |
No items available.
